|
|
|
|
| LEADER |
02275nam a2200565 ia4500 |
| 001 |
nkc20213321843 |
| 003 |
CZ PrNK |
| 005 |
20240506122816.0 |
| 007 |
ta |
| 008 |
210429s2021 xr ab c p 000 0 cze |
| 015 |
|
|
|a cnb003321843
|
| 020 |
|
|
|a 978-80-7563-336-1
|q (I. díl ;
|q brožováno)
|
| 020 |
|
|
|a 978-80-7563-337-8
|q (II. díl ;
|q brožováno)
|
| 035 |
|
|
|a (OCoLC)1274109841
|
| 040 |
|
|
|a OLA001
|b cze
|d ABA001
|d BOA001
|e rda
|
| 041 |
0 |
|
|a cze
|a eng
|
| 072 |
|
7 |
|a 811.111
|x Angličtina
|2 Konspekt
|9 11
|
| 072 |
|
7 |
|a 37.016
|x Učební osnovy. Vyučovací předměty. Učebnice
|2 Konspekt
|9 22
|
| 080 |
|
|
|a 811.111
|2 MRF
|
| 080 |
|
|
|a 81'36
|2 MRF
|
| 080 |
|
|
|a (075.2)
|2 MRF
|
| 080 |
|
|
|a (075.3)
|2 MRF
|
| 080 |
|
|
|a (076.1)
|2 MRF
|
| 100 |
1 |
|
|a Stružková, Dana,
|d 1976-
|7 ola20211116637
|4 aut
|
| 245 |
1 |
0 |
|a Anglická gramatika 5 :
|b pracovní sešit pro 5. ročník ZŠ a víceletá gymnázia : v souladu s RVP ZV /
|c autoři: Dana Stružková, Michaela Švárová, Soňa Urbančíková
|
| 250 |
|
|
|a 1. vydání
|
| 264 |
|
1 |
|a Praha :
|b Taktik,
|c 2021
|
| 300 |
|
|
|a 2 svazky (44; 44 stran) :
|b ilustrace (převážně barevné), mapy ;
|c 21 cm
|
| 336 |
|
|
|a text
|b txt
|2 rdacontent
|
| 337 |
|
|
|a bez média
|b n
|2 rdamedia
|
| 338 |
|
|
|a svazek
|b nc
|2 rdacarrier
|
| 500 |
|
|
|a Název z obálky
|
| 500 |
|
|
|a Podnázev v tiráži: procvičovací sešit pro 5. ročník ZŠ a víceletá gymnázia
|
| 650 |
0 |
7 |
|a angličtina
|7 ph114056
|2 czenas
|
| 650 |
0 |
7 |
|a mluvnice
|7 ph115331
|2 czenas
|
| 650 |
0 |
9 |
|a English language
|2 eczenas
|
| 650 |
0 |
9 |
|a grammar
|2 eczenas
|
| 655 |
|
7 |
|a učebnice základních škol
|7 fd133773
|2 czenas
|
| 655 |
|
7 |
|a učebnice středních škol
|7 fd133771
|2 czenas
|
| 655 |
|
7 |
|a pracovní sešity
|7 fd133116
|2 czenas
|
| 655 |
|
9 |
|a textbooks (elementary)
|2 eczenas
|
| 655 |
|
9 |
|a textbooks (secondary)
|2 eczenas
|
| 700 |
1 |
|
|a Švárová, Michaela
|4 aut
|
| 700 |
1 |
|
|a Urbančíková, Soňa
|7 mub20241222668
|4 aut
|
| 910 |
2 |
|
|a BOA001
|b 2-1468.246
|s 1-2
|
| 990 |
|
|
|a BK
|
| 995 |
|
|
|a 01
|
| 991 |
|
|
|b 202203
|c NOV
|
| 996 |
6 |
|
|b 2610866984
|c 2-1468.246
|d 2. díl
|v 2
|l MZK
|r Sklad / do 1 hodiny
|n 1
|p p.v.
|w 001853589
|u 000010
|a 1
|e BOA001
|j MZK50
|s P
|
| 996 |
6 |
|
|b 2610898523
|c 2-1468.246
|d 1. díl
|v 1
|l MZK
|r Sklad / do 1 hodiny
|n 1
|p p.v.
|w 001853589
|u 000020
|a 1
|e BOA001
|j MZK50
|s P
|